000 00521nam a2200181Ia 4500
005 20250508162628.0
008 008 250505s9999 xx 000 0 eng d
037 _aTextual
040 _aFEDL
_beng
_cFEDL
041 _aeng
_2eng
084 _a374, GRA
_qFEDL
100 _aGraff Harvey J
245 0 _aLabyrinths of literacy : Reflections on literacy past and present
260 _aLondon, UK
_bThe Falmer Press
_c1987
300 _axii,264p.
942 _cTEXL
_h374, GRA
999 _c1377725
_d1377725